From error-correcting codes through sphere packings to simple groups /
Guardado en:
| Autor Principal: | |
|---|---|
| Formato: | Libro |
| Idioma: | English |
| Publicado: |
[Washington] :
Mathematical Association of America,
c1983.
|
| Series: | The Carus mathematical monographs ;
no. 21 |
| Materias: | |
| Etiquetas: |
Agregar Etiqueta
Sin Etiquetas, Sea el primero en etiquetar este registro!
|
| LEADER | 00977nam a2200241 a 4500 | ||
|---|---|---|---|
| 001 | MAT.inmabb003035 | ||
| 008 | 821122s1983####dcua#####b####001#0#eng## | ||
| 005 | 20130326151621.0 | ||
| 245 | 1 | 0 | |a From error-correcting codes through sphere packings to simple groups / |c by Thomas M. Thompson. |
| 260 | |a [Washington] : |b Mathematical Association of America, |c c1983. | ||
| 300 | |a xiv, 228 p. : |b il. ; |c 20 cm. | ||
| 440 | 4 | |a The Carus mathematical monographs ; |v no. 21 | |
| 504 | |a Bibliografía: p. 217-223. | ||
| 505 | 8 | |a 1. The origin of error-correcting codes -- 2. From coding to sphere packing -- 3. From sphere packing to new simple groups. | |
| 510 | 4 | |a MR, |c 86j:94002 | |
| 020 | |a 0883850230 | ||
| 100 | 1 | |a Thompson, Thomas M. | |
| 650 | 0 | |a Error-correcting codes (Information theory) | |
| 650 | 0 | |a Finite simple groups. | |
| 084 | |a 94-03 (01A60 11T71 20D08 52Cxx 94Bxx) |2 msc2000 | ||
| 010 | |a 82062784 | ||
| 040 | |a DLC |c DLC |d DLC | ||
| 859 | |h 94 |i T468 |p A-5766 |b BIB. MATEMATICA | ||
